| 000 | 00475nam a2200181Ia 4500 | ||
|---|---|---|---|
| 005 | 20250423095851.0 | ||
| 008 | 250422s9999 xx 000 0 und d | ||
| 020 | _a1- 4129- 2737- 4 | ||
| 050 | _aHN29.S34 | ||
| 100 | _aRussel K. Schutt | ||
| 245 | 0 | _aInvestigating the social world: the process and practice of research | |
| 250 | _a5th ed. | ||
| 260 | _bSage Publications | ||
| 260 | _c2006 | ||
| 300 | _a347 p | ||
| 650 | _aSocial problems- research | ||
| 942 | _cBK | ||
| 999 |
_c31567 _d31567 |
||